MARC details
| 000 -LEADER |
| campo de control de longitud fija |
03241nam a2200517 i 4500 |
| 001 - NÚMERO DE CONTROL |
| campo de control |
196180 |
| 003 - IDENTIFICADOR DE NÚMERO DE CONTROL |
| campo de control |
ES-MaACL |
| 005 - FECHA Y HORA DE LA ÚLTIMA TRANSACCIÓN |
| campo de control |
20250809052936.0 |
| 008 - DATOS DE LONGITUD FIJA--INFORMACIÓN GENERAL |
| campo de control de longitud fija |
240817s2021 sp a | |||| 001 0 spa |
| 015 ## - NÚMERO DE BIBLIOGRAFÍA NACIONAL |
| Número de bibliografía nacional |
MON23 |
| 017 ## - NÚMERO DE COPYRIGHT O DE DEPÓSITO LEGAL |
| Número de copyright o de depósito legal |
M 10540-2021 |
| Agencia que asigna |
Oficina Depósito Legal Madrid |
| 020 ## - NÚMERO INTERNACIONAL ESTÁNDAR DEL LIBRO |
| Número Internacional Estándar del Libro |
9788412034769 |
| 035 ## - NÚMERO DE CONTROL DEL SISTEMA |
| Número de control de sistema |
(SpMaBN)a7244395 |
| 035 ## - NÚMERO DE CONTROL DEL SISTEMA |
| Número de control de sistema |
991047618009708606 |
| 040 ## - FUENTE DE CATALOGACIÓN |
| Centro catalogador/agencia de origen |
SpMaBN |
| Lengua de catalogación |
spa |
| Centro/agencia transcriptor |
SpMaBN |
| Normas de descripción |
rda |
| 080 ## - NÚMERO DE LA CLASIFICACIÓN DECIMAL UNIVERSAL |
| Número de la Clasificación Decimal Universal |
929 Guillermo (430) II |
| 080 ## - NÚMERO DE LA CLASIFICACIÓN DECIMAL UNIVERSAL |
| Número de la Clasificación Decimal Universal |
94(100)"1914/18" |
| 080 ## - NÚMERO DE LA CLASIFICACIÓN DECIMAL UNIVERSAL |
| Número de la Clasificación Decimal Universal |
341.322.5 |
| 080 ## - NÚMERO DE LA CLASIFICACIÓN DECIMAL UNIVERSAL |
| Número de la Clasificación Decimal Universal |
341.4 |
| 100 ## - ENTRADA PRINCIPAL--NOMBRE DE PERSONA |
| Nombre de persona |
Schabas, William A |
| 9 (RLIN) |
238441 |
| Término indicativo de función/relación |
Autor |
| 240 14 - TÍTULO UNIFORME |
| Título uniforme |
The trial of the Kaiser |
| Lenguaje de la obra |
Español |
| 245 13 - MENCIÓN DEL TÍTULO |
| Título |
El juicio del Káiser / |
| Mención de responsabilidad, etc. |
William A. Schabas ; presentación, Joaquín González Ibáñez ; prólogo, Juan Carlos Sainz Borgo ; traducción, Nuria Brufau Alvira. |
| 264 #1 - PRODUCCIÓN, PUBLICACIÓN, DISTRIBUCIÓN, FABRICACIÓN Y COPYRIGHT |
| Producción, publicación, distribución, fabricación y copyright |
[Madrid] : |
| Nombre del de productor, editor, distribuidor, fabricante |
Berg Institute, |
| Fecha de producción, publicación, distribución, fabricación o copyright |
[2021]. |
| 264 #4 - PRODUCCIÓN, PUBLICACIÓN, DISTRIBUCIÓN, FABRICACIÓN Y COPYRIGHT |
| Fecha de producción, publicación, distribución, fabricación o copyright |
©2021 |
| 300 ## - DESCRIPCIÓN FÍSICA |
| Extensión |
555 páginas : |
| Otras características físicas |
ilustraciones (blanco y negro y color) ; |
| Dimensiones |
24 cm. |
| 336 ## - TIPO DE CONTENIDO |
| Término de tipo de contenido |
Texto |
| Fuente |
rdacontent |
| 337 ## - TIPO DE MEDIO |
| Nombre/término del tipo de medio |
sin mediación |
| Fuente |
rdamedia |
| 338 ## - TIPO DE SOPORTE |
| Nombre/término del tipo de soporte |
volumen |
| Fuente |
rdacarrier |
| 490 1# - MENCIÓN DE SERIE |
| Mención de serie |
Biblioteca literatura y derechos humanos ; |
| Designación de volumen o secuencia |
13 |
| 504 ## - NOTA DE BIBLIOGRAFÍA, ETC. |
| Nota de bibliografía, etc. |
Bibliografía: páginas 535-544. Índices |
| 520 ## - RESUMEN, ETC. |
| Sumario, etc. |
El profesor William Schabas presenta en El juicio del káiser un relatodinámico e inédito en torno a cómo los vencedores de la Primera Guerra Mundial acusaron por primera vez a un jefe de Estado, el káiser Guillermo II, como responsable penal por la comisión de delitos de acuerdo con una nueva interpretación del derecho internacional. La negociación del Tratado de Versalles se articuló sobre procesos geopolíticos, jurídicos y psicológicos que enmarcaron la redacción del artículo 227 por el que Alemania aceptaba que fuera juzgado el káiser por «un crimen supremo contra la moralidad internacional y la santidad de los tratados», mandato jurídico que estaba contemporáneamente formulado en un lenguaje tan ampuloso y abstracto como imposible de aplicar jurídicamente.<br/><br/>«El juicio del káiser no es simplemente un libro de derecho internacional o de historia del periodo entre guerras. Esta obra navega por el relato de uno de los capítulos fundamentales del siglo XX y lo hace con una brújula que sabe marcar claramente los diferentes puntos cardinales de esta disciplina: el derecho internacional, las relaciones internacionales, la historia y la política».<br/><br/>Juan Carlos Sainz Borgo |
| 600 04 - PUNTO DE ACCESO ADICIONAL DE MATERIA--NOMBRE DE PERSONA |
| Nombre de persona |
Guillermo II, |
| Títulos y otros términos asociados al nombre |
Emperador de Alemania |
| 9 (RLIN) |
60805 |
| 650 #4 - PUNTO DE ACCESO ADICIONAL DE MATERIA--TÉRMINO DE MATERIA |
| Término de materia o nombre geográfico como elemento de entrada |
Guerra mundial, 1914-1918 |
| 9 (RLIN) |
13212 |
| 650 #7 - PUNTO DE ACCESO ADICIONAL DE MATERIA--TÉRMINO DE MATERIA |
| Término de materia o nombre geográfico como elemento de entrada |
Crímenes de guerra |
| 9 (RLIN) |
135843 |
| 650 #7 - PUNTO DE ACCESO ADICIONAL DE MATERIA--TÉRMINO DE MATERIA |
| Término de materia o nombre geográfico como elemento de entrada |
Derecho internacional penal |
| 9 (RLIN) |
135888 |
| 700 ## - ENTRADA AGREGADA--NOMBRE PERSONAL |
| Nombre de persona |
Brufau Alvira, Nuria, |
| Fechas asociadas al nombre |
1980- |
| 9 (RLIN) |
238433 |
| Término indicativo de función/relación |
Traductor |
| 700 ## - ENTRADA AGREGADA--NOMBRE PERSONAL |
| Nombre de persona |
Sainz-Borgo, Juan Carlos |
| 9 (RLIN) |
238464 |
| Término indicativo de función/relación |
Autor de introducción |
| 700 ## - ENTRADA AGREGADA--NOMBRE PERSONAL |
| Nombre de persona |
González Ibáñez, Joaquín, |
| Fechas asociadas al nombre |
1970- |
| 9 (RLIN) |
238427 |
| Término indicativo de función/relación |
Autor de introducción |
| 830 #0 - PUNTO DE ACCESO ADICIONAL DE SERIE-TÍTULO UNIFORME |
| Título uniforme |
Biblioteca literatura y derechos humanos |
| Designación de volumen o secuencia |
13 |
| 9 (RLIN) |
238888 |
| 852 ## - LOCALIZACIÓN |
| Ubicación |
ES-MaACL |
| Sublocalización o colección |
R.154544 |
| Ubicación en estantería |
Depósito J |
| Número de control de estantería |
N-9255 |
| Donativo/Legado |
Donación: Editorial |
| Encuadernación |
Encuadernación cartoné |
| itemnumber |
205209 |
| 942 ## - ELEMENTOS DE ENTRADA SECUNDARIOS (KOHA) |
| Tipo de ítem Koha |
Libro impreso |
| Suprimir en OPAC |
No |